000 00276nam a22001217a 4500
008 181218b xxu||||| |||| 00| 0 eng d
041 _aeng
080 _a941
100 _a17
101 _aHIS
245 _aGreat Civilizations of Ancient Africa
_cBrooks, L
942 _2udc
_cBK
999 _c53453
_d53453